XXIst General assembly (Record no. 10597)
[ view plain ]
| 000 -LEADER | |
|---|---|
| fixed length control field | 00877nam a2200217Ia 4500 |
| 003 - CONTROL NUMBER IDENTIFIER | |
| control field | IN-BaIIA |
| 008 - FIXED-LENGTH DATA ELEMENTS--GENERAL INFORMATION | |
| fixed length control field | 211028s9999 xx 000 0 eng d |
| 020 ## - INTERNATIONAL STANDARD BOOK NUMBER | |
| International Standard Book Number | 0-7923-1914-1 |
| 040 ## - CATALOGING SOURCE | |
| Transcribing agency | IIA Library |
| 080 ## - UNIVERSAL DECIMAL CLASSIFICATION NUMBER | |
| Universal Decimal Classification number | 063:52 |
| Item number | IAU-21B |
| 111 ## - MAIN ENTRY--MEETING NAME | |
| Meeting name or jurisdiction name as entry element | International Astronomical Union General Assembly |
| Number of part/section/meeting | 21st |
| Location of meeting | Argentina |
| Date of meeting or treaty signing | 1991 July 23 - Aug. 1 |
| 9 (RLIN) | 18073 |
| 245 #0 - TITLE STATEMENT | |
| Title | XXIst General assembly |
| Remainder of title | proceedings of the 21st General Assembly, Buenos Aires, Argentina, July 23 - August 1, 1991 |
| Statement of responsibility, etc. | edited by Jacqueline Bergeron |
| 260 ## - PUBLICATION, DISTRIBUTION, ETC. | |
| Place of publication, distribution, etc. | Dordrecht |
| Name of publisher, distributor, etc. | Kluwer Academic |
| Date of publication, distribution, etc. | 1992 |
| 300 ## - PHYSICAL DESCRIPTION | |
| Extent | xv, 366p. |
| 490 ## - SERIES STATEMENT | |
| Series statement | Transactions of the International Astronomical Union; v. X |
| 650 ## - SUBJECT ADDED ENTRY--TOPICAL TERM | |
| Topical term or geographic name entry element | Astronomy and Astrophysics Thesaurus |
| 650 ## - SUBJECT ADDED ENTRY--TOPICAL TERM | |
| Topical term or geographic name entry element | IAU General Assembly |
| 650 ## - SUBJECT ADDED ENTRY--TOPICAL TERM | |
| Topical term or geographic name entry element | IAU Transactions |
| 9 (RLIN) | 5483 |
| 700 ## - ADDED ENTRY--PERSONAL NAME | |
| Personal name | Bergeron, Jacqueline ed |
| 9 (RLIN) | 18074 |
| 942 ## - ADDED ENTRY ELEMENTS (KOHA) | |
| Koha item type | Books |
| Withdrawn status | Lost status | Damaged status | Not for loan | Home library | Current library | Shelving location | Date acquired | Total Checkouts | Full call number | Barcode | Date last seen | Price effective from | Koha item type |
|---|---|---|---|---|---|---|---|---|---|---|---|---|---|
| IIA Library-Bangalore | IIA Library-Bangalore | General Stacks | 01/03/1993 | 063:52/ IAU-21B | 11508 | 05/11/2021 | 01/03/1993 | Books |